Mixed Word: Growing L Words Quiz Stats

 Plays Quiz Updated Apr 2, 2012

Support Sporcle.
Go Orange.
Score 0/13 Timer 03:00
0 Plays Today
Scramble Word % Correct
ALLA
99.9%
GLELEG
99.7%
TUSLLUST
99.1%
YULXRULUXURY
95.4%
OLEOSLOOSE
91.9%
REHEATLLEATHER
76.5%
ITULADTELATITUDE
61.8%
WNLAMOERWLAWNMOWER
59.6%
THIGLDEEAHRTLIGHTHEARTED
38.1%
ONTIIMLIATLIMITATION
35%
YCTHRANYLOPLYCANTHROPY
24.7%
LATGISLEILEVYLEGISLATIVELY
22.1%
BEMISLARIITRANLIBERTARIANISM
10.9%

From the Vault

Marvel Villains Origin Stories

by BorezU

Why hasn't there been a supervillain who wanted to conquer the world because they stepped on a Lego?
Remove Ads.
Support Sporcle.
Get the best of Sporcle when you Go Orange. This ad-free experience offers more features, more stats, and more fun while also helping to support Sporcle. Thank you for becoming a member.

Show Comments

Extras

Top Quizzes Today


Score Distribution

Your Account Isn't Verified!

In order to create a playlist on Sporcle, you need to verify the email address you used during registration. Go to your Sporcle Settings to finish the process.

Report this User

Report this user for behavior that violates our Community Guidelines.

Details: